000 00328nam a22001457a 4500
008 221207b ||||| |||| 00| 0 eng d
020 _a9780495114260
041 _aeng
080 _a616.073
082 _a616.073YAS
100 _a12
101 _aGENETIC
245 _aHUMAN GENETICS AND SOCIETY
_cYASHON
942 _2udc
_cBK
999 _c59120
_d59120